| 000 | 00825cam a22002412 4500 | ||
|---|---|---|---|
| 001 | 0000021113 | ||
| 005 | 20151021152607.0 | ||
| 008 | 120111s xx 000 0 eng d | ||
| 020 | _a1861528810 : | ||
| 040 |
_aKABU _cKABU |
||
| 100 | 1 |
_aRyan, Bob. _@0000151904 |
|
| 245 | 1 | 0 |
_aResearch method and methodology in finance and accounting / _cBob Ryan, Robert W. Scapens, Michael Theobold. |
| 250 | _a2nd ed. | ||
| 260 |
_aAndover, England : _bCengage, _c2002. |
||
| 300 | _ax, 243 p. | ||
| 650 | 0 |
_aAccounting _xResearch _xMethodology. _@0000181166 |
|
| 650 | 0 |
_aFinace _xResearch _xMethodology. _@0000181793 |
|
| 700 | 1 |
_aScapens, Robert W. _@0000181794 |
|
| 700 | 1 |
_aTheobold, Michael. _@0000181795 |
|
| 852 | 1 | _9p8030 KES | |
| 908 | _a120111 | ||
| 950 | _@1 | ||
| 999 |
_c1684 _d1684 |
||